Capitali Europee Casuali su una Mappa - Statistics

Statistiche generali
  • Questo quiz è stato fatto 6.592 volte
  • Il punteggio medio è 10 su 12
Risposte nella Mappa
Le risposte nella mappa del quiz sottostante sono codificate secondo una scala di colori dal rosso al verde in base alla % di persone che hanno risposto correttamente.
 
Statistiche sulle risposte
Capitale % Corretto
Londra
98%
Madrid
98%
Parigi
98%
Roma | Città del Vaticano
98%
Lisbona
97%
Atene
95%
Berlino
95%
San Marino
95%
Dublino
94%
Monaco
94%
Mosca
93%
Oslo
93%
Amsterdam
92%
Bruxelles
91%
Berna
90%
Kiev
90%
Vienna
89%
Lussemburgo
87%
La Valletta
86%
Tirana
86%
Helsinki
85%
Varsavia
84%
Bucarest
83%
Praga
83%
Stoccolma
83%
Riga
79%
Sofia
79%
Budapest
77%
Sarajevo
76%
Tallinn
76%
Copenaghen
74%
Reykjavík
74%
Zagabria
74%
Minsk
72%
Andorra la Vella
71%
Lubiana
71%
Vilnius
69%
Belgrado
65%
Bratislava
61%
Vaduz
61%
Chișinău
58%
Skopje
57%
Podgorica
53%
Pristina
52%
Nessun quiz corrispondente trovato
Distribuzione punteggi
Percentuale di utenti per punteggio
Percentile per numero di risposta
I tuoi punteggi nel tempo
Non hai fatto questo quiz